000
00330nam a22001457a 4500
020
_a
9787546174273
040
_c
NUST
082
_a
301.4519
_b
DIJ
100
_a
DiJun Fan
_9
89062
245
_a
changing lives of farmers
260
_a
China
_b
Huang shan
_c
2018
300
_a
ill,293,P,:
521
_a
P.B
942
_2
ddc
_c
BK
999
_c
587902
_d
587902